Statistics for The Preamble to the US Constitution

Click here to take the quiz!

General Stats

  • This quiz has been taken 2,715 times
  • The average score is 29 of 38

Answer Stats

Answer% Correct
the
99%
We
99%
people
98%
a
96%
of
96%
States,
96%
United
96%
in
89%
for
88%
to
88%
union,
87%
more
86%
order
86%
perfect
86%
America.
83%
form
83%
do
78%
establish
76%
and
75%
justice,
71%
common
70%
Constitution
70%
tranquility,
70%
defence,
69%
provide
69%
Liberty
68%
domestic
67%
insure
67%
this
67%
Welfare,
66%
general
65%
promote
63%
ordain
62%
our
60%
blessings
54%
ourselves
54%
secure
53%
Posterity,
52%

Score Distribution

Percentile by Number Answered

Percent of People with Each Score

Your Score History

You have not taken this quiz